| 000 | 00765nam a22002292 4500 | ||
|---|---|---|---|
| 001 | 0000001232 | ||
| 005 | 20151217151809.0 | ||
| 008 | 070228s xx 000 0 eng d | ||
| 020 | _a0256134332 : | ||
| 040 |
_aKABU _cKABU |
||
| 050 | 0 |
_aH61.4 _b.D45 1998 |
|
| 100 | 1 |
_aDeLurgio, Stephen A. _@0000149841 |
|
| 245 | 1 | 0 |
_aForecasting principles and applications / _cStephen A. DeLurgio. |
| 260 |
_aBoston, Massachusetts : _bIrwin/McGraw-Hill, _c1998. |
||
| 300 | _axxviii, 802 p. | ||
| 650 | 0 |
_aForecasting _xMathematical models. _@0000149842 |
|
| 650 | 0 |
_aForecasting _xStatistical methods. _@0000149843 |
|
| 908 | _a070228 | ||
| 950 | _@1 | ||
| 999 |
_c5144 _d5144 |
||